|
|
|
|
| LEADER |
00779nam a2200217 a 4500 |
| 001 |
00014575 |
| 008 |
121120s1997 enka b 001 0 eng |
| 020 |
|
|
|a 0415025257
|
| 040 |
|
|
|a BD-DhAAL
|c BD-DhAAL.
|
| 082 |
0 |
0 |
|a 401.41
|2 20
|
| 100 |
1 |
|
|a Hawkes, Terence.
|
| 245 |
1 |
0 |
|a Structuralism & semiotics /
|c Terence Hawkes.
|
| 260 |
|
|
|a London :
|b Routledge,
|c 1997 [Reprinted].
|
| 300 |
|
|
|a ix, 479 p.
|
| 541 |
|
|
|e 00014575
|
| 650 |
|
0 |
|a Structural linguistics.
|
| 650 |
|
0 |
|a Semiotics.
|
| 650 |
|
0 |
|a Structuralism (Literary analysis)
|
| 852 |
4 |
|
|a Ayesha Abed Library
|j General shelf.
|
| 999 |
|
|
|c 12958
|d 12958
|
| 952 |
|
|
|0 0
|1 0
|4 0
|6 401_410000000000000_HAW
|7 0
|9 21429
|a BRACUL
|b BRACUL
|c GEN
|d 2012-11-26
|l 2
|m 4
|o 401.41 HAW
|p 3010014575
|q 2026-05-20
|r 2026-04-24
|s 2026-04-24
|t 1
|w 0000-00-00
|y BK
|x Available
|